000 00292nam a2200133Ia 4500
100 _aBoylestad/& nashelsky
250 _a5
942 _cBK
654 _aelectronic
245 _aElectronic devices and circuits
260 _bprentice
_aNew Delhi
_c1993
300 _a916
546 _aENGLISH
999 _c22854
_d22854